000 00730nam a2200217 4500
001 111181
003 ES-MaACL
005 20230906185246.0
007 t|
008 061121s19671968sp r ||||1| spa d
080 _a636.084
245 0 4 _aLas necesidades nutritivas de los animales domésticos /
_c[S.K. Kon ... et al.] ; traducido por Rafael Sanz Arias.
260 _aLeon :
_bAcademia,
_c1967-68.
300 _a3 v. :
_bil. ;
_c22 y 23 cm.
505 8 _aContiene: 1. Aves - 2. Rumiantes - 3. Cerdos
650 4 _aAnimales-
_xAlimentación.
_99829
700 1 _aSanz Arias, Rafael.
_9103607
700 1 _aKon, S. K.
_968542
710 2 _aAgricultural Research Council (Gran Bretaña)
_91270
852 4 _aES-MaACL
_jP-1135
999 _c111181
_d111181